Seis años en la Presidencia de nuestra Diputación Provincial
Descripción Física:
Il·lustracions
Colección:
San Jorge,
; núm. 18 (abril 1955), pàg. 132-133
Materias:
Buxó de Abaigar, Joaquín, -- marqués de Castell-Florite, -- 1905-1979
; Barcelona (Catalunya : Província). -- Diputació -- Presidents
Idioma:
Español
MARC
| LEADER | 00000naa a2200000 a 4500 | ||
|---|---|---|---|
| 003 | Arxiu | ||
| 005 | 20260324181152.0 | ||
| 008 | 160829s1955 spcaxx s spa c | ||
| 040 | |a AGDB | ||
| 245 | 0 | 0 | |a Seis años en la Presidencia de nuestra Diputación Provincial |
| 300 | |b Il·lustracions | ||
| 490 | |a San Jorge, |v núm. 18 (abril 1955), pàg. 132-133 | ||
| 600 | 1 | 0 | |a Buxó de Abaigar, Joaquín, |c marqués de Castell-Florite, |d 1905-1979 |9 54201 |
| 610 | 1 | 0 | |9 52771 |a Barcelona (Catalunya : Província). |b Diputació |x Presidents |
| 773 | |g Núm. 18 (abril 1955), pàg. 132-133 |t San Jorge. | ||
| 901 | |a Arxiu | ||
| 942 | |n 1 |2 udc |c ART | ||
| 952 | |0 0 |1 0 |4 0 |6 REV510 |7 1 |9 65168 |a Arxiu |b Arxiu |d 2023-01-31 |l 0 |o Rev-510 |r 2023-01-31 00:00:00 |w 2023-01-31 |y ARXIU |z També disponible a Rev-524 | ||
| 999 | |c 83038 |d 83038 | ||